000 00509cam a22002051 4500
001 sa 68000488
003 DLC
005 20260227112424.0
008 910701s1965 ii 000 0 gujo
010 _asa 68000488
035 _a(OCoLC)24016641
040 _aDLC
_cWaU
_dDLC
050 0 0 _aDS435.7.K3
_bO9
100 1 _aOza, Dhanwant P.
245 1 0 _aKākā Kālelakara.
260 _c[1965]
300 _a100 p.
_c19 cm.
500 _aIn Gujarati.
600 1 0 _aKalelkar, Dattatraya Balakrishna,
_d1885-
999 _c77243
_d77243